000 00867nas a2200289 4500
001 BR9607353
003 BR-BrBNA
005 20231205094933.0
007 ta
008 230509b bl.|||p| |||| 00| 00por d
040 _aBR-BrBNA
_bpor
_cBiblioteca Nacional de Agricultura
041 _a(Pt)
072 _aL73
100 1 _aBandarra, E.P.
100 1 _aLaufer, R.
100 1 _aSequeira, J.L.
100 1 _aSchamall, R.F.
100 1 _aFigueiredo, L.M.A. de
100 1 _aCastro, M.B. de
245 1 _aMeningoencefalite granulomatosa em cao
650 _aCao
650 _aMeningite
650 _aSistema Nervoso
773 0 _tRevista da Faculdade de Medicina Veterinaria e Zootecnia da Universidade de Sao Paulo (Brazil)
_xISSN 0303-7525
_g(1995), v. 32(2) p. 101-104
_wBR9607353
909 _a202311
_bLúcia
_c55
_dLúcia Elande
942 _2AGRIS
_n0
_cANA
999 _c147837
_d147837